Mystery Taylor Swift Song #62 - Statistics

General Stats
  • This quiz has been taken 399 times
  • The average score is 86 of 109
Answer Stats
Song % Correct
I
98%
you
98%
the
97%
a
96%
love
94%
your
94%
in
93%
we
93%
and
91%
it
91%
on
91%
me
90%
of
90%
do
89%
folklore
89%
my
89%
To
89%
when
88%
can
87%
ever
87%
was
87%
were
87%
like
86%
mine
86%
"never
86%
never
86%
see
86%
'Cause
85%
(for
85%
for
85%
have
85%
you're
85%
But
84%
"us"
84%
us
84%
all
83%
all)
83%
August
83%
august
83%
So
83%
then
83%
"Are
82%
away
82%
car"
82%
time
82%
say
80%
back
79%
call
79%
call?
79%
had
79%
hope
79%
just
79%
moment
79%
slipped
79%
before"
78%
"Get
78%
more
78%
remember
78%
remember?
78%
you'd
78%
bottle
77%
case
77%
could
77%
lost
77%
no
77%
said
77%
up
77%
wine
77%
air
76%
anything
76%
behind
76%
door
76%
mall"
76%
"Meet
76%
Salt
76%
weren't
76%
at
75%
memory
75%
bedsheets
74%
lose
74%
Whispers
74%
Cancel
73%
needed
73%
plans
73%
sure?"
73%
enough
72%
live
72%
livin'
72%
much
71%
summer
71%
thinkin'
71%
twisted
71%
name
69%
rust
69%
still
69%
beneath
68%
into
68%
pulled
68%
write
68%
better
66%
Wanting
66%
canceled
65%
school?
65%
changin'
64%
saying
64%
sun
64%
Will
64%
Wishin'
64%
sipped
57%
No matching quizzes found
Score Distribution
Percent of People with Each Score
Percentile by Number Answered
Your Score History
You have not taken this quiz